| 000 | 00510nam a2200205Ia 4500 | ||
|---|---|---|---|
| 008 | 200601s9999 xx 000 0 und d | ||
| 020 | _a978-0-600-62886-6 | ||
| 050 | _aREF AG 243 | ||
| 050 | _b.T47 2014 | ||
| 100 | _aTerry, Paul. | ||
| 245 | 0 | _aTop 10 of everything 2015 / | |
| 245 | 0 | _cPaul Terry. | |
| 260 | _aUSA : | ||
| 260 | _bShubrook Bros., Creative., | ||
| 260 | _c2014 | ||
| 300 | _a320 pages : | ||
| 300 | _bcolor illustrations ; | ||
| 300 | _c24 cm. | ||
| 650 | _aGeneral information. | ||
| 999 |
_c363272 _d363272 |
||